Open Data Biblioteca Nacional de Portugal


República Portuguesa: Ministério da Cultura
Biblioteca Nacional de Portugal

Catálogo da BNP: acesso por Identificadores Unívocos
Registos Bibliográficos associados ao registo de autoridade

Etiqueta de registo: 00000nam 2200025 450
001 2279276
003 http://id.bnportugal.gov.pt/bib/catbnp/2279276
100 ## $a20260311d2025 k y0pory01030103ba
101 0# $aeng$dpor
102 ## $aPT
105 ## $aa m 000yy
106 ## $ar
200 1# $aModelos constitutivos para análises numéricas do comportamento a curto e a longo prazo de geossintéticos e danificação mecânica$dConstitutive models for numerical analysis of the short-and long-term behaviour of geosynthetics and mechanical damage$fGiovani Augusto Noquelli Lombardi$gorient. Margarida João Fernandes de Pinho Lopes, António Miguel Verdelho Paula, António Manuel de Bastos Pereira$zeng
210 #9 $aAveiro$c[s.n.],$d2025
215 ## $a[171] p.$cil.$d30 cm
328 #1 $aTese dout. Engenharia Civil, Universidade de Aveiro, 2025
510 1# $aConstitutive models for numerical analysis of the short-and long-term behaviour of geosynthetics and mechanical damage$zeng
675 ## $a620.17(043)$vBN$zpor$31219943
675 ## $a677.494(043)$vBN$zpor$31241083
675 ## $a519.6(043)$vBN$zpor$31220290
700 #1 $aLombardi,$bGiovani Augusto Noquelli$31990756
702 #1 $aLopes,$bMargarida Pinho$4727$31378276
702 #1 $aPaula,$bAntónio Miguel Verdelho$4727$31178562
702 #1 $aPereira,$bAntónio Manuel de Bastos$4727$31411940
801 #0 $aPT$bBN$gRPC
966 ## $lBN$mFGMON$sS.A. 193510 V.$x1
971 ## $corlando$d20260311
972 ## $e0$z0$d20260422$vlrevez
973 ## $ctrodrigues$d20260413

OpendataBNP@bnportugal.pt | Mais informação sobre acesso aos dados BNP